[Event "BAN-chT2"]
[Site "Dhaka"]
[Date "2022.07.26"]
[Round "9.3"]
[White "Jean Nesar, Osman"]
[Black "Khondaker, Arafat"]
[Result "0-1"]
[WhiteElo "1207"]
[BlackElo "1716"]
[PlyCount "94"]
[EventDate "2022.07.18"]
[EventType "team-swiss"]
[EventRounds "9"]
[EventCountry "BAN"]
[SourceTitle "EXT 2023"]
[Source "ChessBase"]
[SourceDate "2022.10.05"]
[SourceVersion "1"]
[SourceVersionDate "2022.10.05"]
[SourceQuality "1"]
[WhiteTeam "Shaukat Osman Shiriti Porishod"]
[BlackTeam "Shofi Uddin Shah Smrity Shansod"]
[WhiteTeamCountry "BAN"]
[BlackTeamCountry "BAN"]

1. d4 d5 2. c4 e6 3. cxd5 exd5 4. Nf3 Nf6 5. Bg5 Be7 6. Nc3 Be6 7. e3 Nbd7 8. Bd3 c6 9. a3 h6 10. Bxf6 Bxf6 11. h3 b6 12. b4 c5 13. bxc5 bxc5 14. Qa4 0-0 15. 0-0 Qc7 16. Qc2 cxd4 17. Nxd5 Qxc2 18. Nxf6+ Nxf6 19. Bxc2 Bc4 20. Rfd1 dxe3 21. fxe3 Be2 22. Rd4 Rac8 23. Rc1 Bxf3 24. gxf3 g6 25. Rdd1 Rc3 26. Rd3 Rfc8 27. Rxc3 Rxc3 28. Kf2 Nd5 29. e4 Ne3 30. Ke2 Rxc2+ 31. Rxc2 Nxc2 32. a4 Nd4+ 33. Ke3 Ne6 34. f4 Nc5 35. a5 Nb7 36. a6 Nc5 37. Kd4 Nxa6 38. e5 Nb8 39. Ke4 a5 40. f5 a4 41. fxg6 a3 42. Kf5 fxg6+ 43. Kf6 a2 44. e6 a1Q+ 45. Kxg6 Qg7+ 46. Kf5 Kf8 47. e7+ Kxe7 0-1